The criminal process / (Record no. 11708)
[ view plain ]
| 000 -LEADER | |
|---|---|
| fixed length control field | 01966nam a22004452 4500 |
| 001 - CONTROL NUMBER | |
| control field | 0000025442 |
| 005 - DATE AND TIME OF LATEST TRANSACTION | |
| control field | 20151217154543.0 |
| 008 - FIXED-LENGTH DATA ELEMENTS--GENERAL INFORMATION | |
| fixed length control field | 150922s xx 000 0 eng d |
| 020 ## - INTERNATIONAL STANDARD BOOK NUMBER | |
| International Standard Book Number | 0199547289 : |
| 040 ## - CATALOGING SOURCE | |
| Original cataloging agency | KABU |
| Transcribing agency | KABU |
| 100 1# - MAIN ENTRY--PERSONAL NAME | |
| Personal name | Ashworth, Andrew. |
| -- | 0000178057 |
| 245 14 - TITLE STATEMENT | |
| Title | The criminal process / |
| Statement of responsibility, etc. | by Andrew Ashworth & Mike Redmayne. |
| 250 ## - EDITION STATEMENT | |
| Edition statement | 4th ed. |
| 260 ## - PUBLICATION, DISTRIBUTION, ETC. (IMPRINT) | |
| Place of publication, distribution, etc. | USA : |
| Name of publisher, distributor, etc. | O.U.P, |
| Date of publication, distribution, etc. | 2010. |
| 300 ## - PHYSICAL DESCRIPTION | |
| Extent | xix, 471 p. |
| 650 #0 - SUBJECT ADDED ENTRY--TOPICAL TERM | |
| Topical term or geographic name as entry element | Criminal Justice |
| General subdivision | Great Britain. |
| -- | 0000186087 |
| 650 #0 - SUBJECT ADDED ENTRY--TOPICAL TERM | |
| Topical term or geographic name as entry element | Criminal investigation. |
| -- | 0000069595 |
| 700 1# - ADDED ENTRY--PERSONAL NAME | |
| Personal name | Mike Redmayne. |
| -- | 0000186088 |
| 852 1# - LOCATION | |
| -- | P6500KES |
| 852 1# - LOCATION | |
| -- | P6500KES |
| 852 1# - LOCATION | |
| -- | P6500KES |
| 852 1# - LOCATION | |
| -- | P6500KES |
| 852 1# - LOCATION | |
| -- | P6500KES |
| 852 1# - LOCATION | |
| -- | P6500KES |
| 852 1# - LOCATION | |
| -- | P6500KES |
| 852 1# - LOCATION | |
| -- | P6500KES |
| 852 1# - LOCATION | |
| -- | P6500KES |
| 852 1# - LOCATION | |
| -- | P6500KES |
| 852 1# - LOCATION | |
| -- | P6500KES |
| 852 1# - LOCATION | |
| -- | P6500KES |
| 852 1# - LOCATION | |
| -- | P6500KES |
| 852 1# - LOCATION | |
| -- | P6500KES |
| 852 1# - LOCATION | |
| -- | P6500KES |
| 852 1# - LOCATION | |
| -- | P6500KES |
| 852 1# - LOCATION | |
| -- | P6500KES |
| 852 1# - LOCATION | |
| -- | P6500KES |
| 852 1# - LOCATION | |
| -- | P6500KES |
| 908 ## - PUT COMMAND PARAMETER (RLIN) | |
| Put command parameter | 150922 |
| 950 ## - LOCAL HOLDINGS (RLIN) | |
| -- | 1 |
| Withdrawn status | Lost status | Source of classification or shelving scheme | Not for loan | Home library | Current library | Date acquired | Total Checkouts | Full call number | Barcode | Date last seen | Price effective from | Koha item type | Date last checked out |
|---|---|---|---|---|---|---|---|---|---|---|---|---|---|
| Library of Congress Classification | Kabarak, Main Campus | Kabarak, Main Campus | 17/12/2015 | HV9960 .A84 2010 C.1 | 020063 | 17/12/2015 | 17/12/2015 | General Collection | |||||
| Library of Congress Classification | Kabarak, Main Campus | Kabarak, Main Campus | 17/12/2015 | HV9960 .A84 2010 C.2 | 020070 | 17/12/2015 | 17/12/2015 | General Collection | |||||
| Library of Congress Classification | Kabarak, Main Campus | Kabarak, Main Campus | 17/12/2015 | HV9960 .A84 2010 C.3 | 020061 | 17/12/2015 | 17/12/2015 | General Collection | |||||
| Library of Congress Classification | Kabarak, Main Campus | Kabarak, Main Campus | 17/12/2015 | HV9960 .A84 2010 C.4 | 020067 | 17/12/2015 | 17/12/2015 | General Collection | |||||
| Library of Congress Classification | Kabarak, Main Campus | Kabarak, Main Campus | 17/12/2015 | HV9960 .A84 2010 C.5 | 020079 | 17/12/2015 | 17/12/2015 | General Collection | |||||
| Library of Congress Classification | Kabarak, Main Campus | Kabarak, Main Campus | 17/12/2015 | HV9960 .A84 2010 C.6 | 020065 | 17/12/2015 | 17/12/2015 | General Collection | |||||
| Library of Congress Classification | Kabarak, Main Campus | Kabarak, Main Campus | 17/12/2015 | 1 | HV9960 .A84 2010 C.7 | 020077 | 22/10/2019 | 17/12/2015 | General Collection | 22/10/2019 | |||
| Library of Congress Classification | Kabarak, Main Campus | Kabarak, Main Campus | 17/12/2015 | HV9960 .A84 2010 C.8 | 020075 | 17/12/2015 | 17/12/2015 | General Collection | |||||
| Library of Congress Classification | Kabarak, Main Campus | Kabarak, Main Campus | 17/12/2015 | HV9960 .A84 2010 C.10 | 020072 | 17/12/2015 | 17/12/2015 | General Collection | |||||
| Library of Congress Classification | Kabarak, Main Campus | Kabarak, Main Campus | 17/12/2015 | HV9960 .A84 2010 C.11 | 020068 | 17/12/2015 | 17/12/2015 | General Collection | |||||
| Library of Congress Classification | Kabarak, Main Campus | Kabarak, Main Campus | 17/12/2015 | HV9960 .A84 2010 C.12 | 020066 | 17/12/2015 | 17/12/2015 | General Collection | |||||
| Library of Congress Classification | Kabarak, Main Campus | Kabarak, Main Campus | 17/12/2015 | HV9960 .A84 2010 C.13 | 020060 | 17/12/2015 | 17/12/2015 | General Collection | |||||
| Library of Congress Classification | Kabarak, Main Campus | Kabarak, Main Campus | 17/12/2015 | HV9960 .A84 2010 C.14 | 020064 | 17/12/2015 | 17/12/2015 | General Collection | |||||
| Library of Congress Classification | Kabarak, Main Campus | Kabarak, Main Campus | 17/12/2015 | HV9960 .A84 2010 C.15 | 020076 | 17/12/2015 | 17/12/2015 | General Collection | |||||
| Library of Congress Classification | Kabarak, Main Campus | Kabarak, Main Campus | 17/12/2015 | HV9960 .A84 2010 C.19 | 020062 | 17/12/2015 | 17/12/2015 | General Collection | |||||
| Library of Congress Classification | Kabarak, Main Campus | Kabarak, Main Campus | 17/12/2015 | HV9960 .A84 2010 C.20 | 020074 | 17/12/2015 | 17/12/2015 | General Collection | |||||
| Library of Congress Classification | Kabarak, Main Campus | Kabarak, Main Campus | 17/12/2015 | HV9960 .A84 2010 C.16 | 020073 | 17/12/2015 | 17/12/2015 | General Collection | |||||
| Library of Congress Classification | Kabarak, Main Campus | Kabarak, Main Campus | 17/12/2015 | HV9960 .A84 2010 C.17 | 020071 | 17/12/2015 | 17/12/2015 | General Collection | |||||
| Library of Congress Classification | Kabarak, Main Campus | Kabarak, Main Campus | 17/12/2015 | 1 | HV9960 .A84 2010 C.9 | 020069 | 08/06/2016 | 17/12/2015 | General Collection | 26/05/2016 | |||
| Library of Congress Classification | Kabarak, Main Campus | Kabarak, Main Campus | 17/12/2015 | HV9960 .A84 2010 C.18 | 020078 | 17/12/2015 | 17/12/2015 | General Collection |